US States by Second Largest City - Statistics

General Stats
  • This quiz has been taken 38 times
  • The average score is 15 of 18
Answer Stats
Hint Answer % Correct
San Diego California
100%
Birmingham Alabama
94%
Pittsburgh Pennsylvania
94%
Memphis Tennessee
94%
Buffalo New York
91%
Eugene Oregon
91%
Spokane Washington
91%
Madison Wisconsin
91%
Fort Wayne Indiana
85%
Lexington Kentucky
85%
Grand Rapids Michigan
85%
Las Cruces New Mexico
85%
Missoula Montana
82%
Columbia South Carolina
79%
Fayetteville Arkansas
76%
Columbus Georgia
76%
West Valley City Utah
71%
Huntington West Virginia
65%
No matching quizzes found
Score Distribution
Percent of People with Each Score
Percentile by Number Answered
Your Score History
You have not taken this quiz